Women entrepreneurship and social capital a dialogue and construction /

Bibliographic Details
Corporate Author: ProQuest (Firm)
Other Authors: Aaltio-Marjosola, Iiris., Kyr, Paula, 1953-, Sundin, Elisabeth.
Format: Electronic eBook
Language:English
Published: [Copenhagen] : Copenhagen Business School Press, c2008.
Edition:1st ed.
Subjects:
Online Access:Click to View
LEADER 01513nam a2200409Ia 4500
001 EBC3400781
003 MiAaPQ
005 20200520144314.0
006 m o d |
007 cr cn|||||||||
008 080823s2008 dk sb 001 0 eng d
010 |z  2008273487 
020 |z 9788763002103 
020 |z 8763002108 
035 |a (MiAaPQ)EBC3400781 
035 |a (Au-PeEL)EBL3400781 
035 |a (CaPaEBR)ebr10465538 
035 |a (OCoLC)652435556 
040 |a MiAaPQ  |c MiAaPQ  |d MiAaPQ 
050 4 |a HD6053  |b .W6295 2008 
245 0 0 |a Women entrepreneurship and social capital  |h [electronic resource] :  |b a dialogue and construction /  |c Iiris Aaltio, Paula Kyr and Elisabeth Sundin, editors. 
250 |a 1st ed. 
260 |a [Copenhagen] :  |b Copenhagen Business School Press,  |c c2008. 
300 |a 310 p. 
504 |a Includes bibliographical references and indexes. 
533 |a Electronic reproduction. Ann Arbor, MI : ProQuest, 2015. Available via World Wide Web. Access may be limited to ProQuest affiliated libraries. 
630 0 0 |a Women in culture and society. 
650 0 |a Entrepreneurship. 
650 0 |a Businesswomen. 
650 0 |a Women-owned business enterprises. 
650 0 |a Social capital (Sociology) 
655 4 |a Electronic books. 
700 1 |a Aaltio-Marjosola, Iiris. 
700 1 |a Kyr, Paula,  |d 1953- 
700 1 |a Sundin, Elisabeth. 
710 2 |a ProQuest (Firm) 
856 4 0 |u https://ebookcentral.proquest.com/lib/matrademy/detail.action?docID=3400781  |z Click to View